1498 1078 1147 1329 1599 1084 1753 1942 1317 1036 1768 1291 1064 1983 1970 1549 1308 1997 1612 1115 1836 1638 1318 1358 1929 1309 1664 1291 1753 1412 1173 1189 1589 1936 1511 1412 1251 1936 1630 1205 1689 1255 1114 1081 1821 1590 1455 1474 1966 1245 1462 1824 1707 1282 1052 1897 1001 1094 1699 1983 1670 1512 1351 1169 1397 1794 1071 1572 1377 1116 1342 1171 1164 1459 1443 1381 1014 1238 1881 1683 1823 1136 1093 1673 1563 1901 1801 1248 1338 1828 1149 1895 1102 1529 1541 1260 1688 1257 1103 BCNSPRNW ULIB Ver.6.0+V

เปลี่ยนเป็นภาษาไทย

Change to English
 แสดงรายละเอียดบรรณานุกรม
  กลับหน้าหลัก

Brief Record : Get Marc (ISO 2709) : E-mail record : QR code < ปิดหน้าต่าง
LEADER : 00000nam 2200000uu 4500
001    13399124525
003     ULIB
008    150821s2554||||th 000 0 tha d
020    ^a9786162190643
090    ^aนว.^bน419ต
100 0  ^aนันทพร ศานติเกษม
245 10 ^aใต้เงาตะวัน /^cปิยะพร ศักดิ์เกษม
250    ^aพิมพ์ครั้งที่ 7.
260    ^aกรุงเทพฯ :^bอรุณ,^c2554.
300    ^a713 หน้า ;^c21 ซม.
650  4 ^aนวนิยายไทย
945    ^p439^l0^i039787
999    ^aเกษร โพธิ์สุวรรณ
รายการนี้ยังไม่มีแท็ก
คุณยังไม่ได้ล็อกอิน คุณสามารถมีกิจกรรมร่วมกับเว็บไซต์ได้ แต่ต้องล็อกอินก่อน ::
  ล็อกอิน

รายการสื่อสารสนเทศ

ลำดับที่ ประเภท เลขเรียก/บาร์โค้ด สถานที่ สถานะ
1. นวนิยาย
นวนิยาย
นว. น419ต ฉ.1 
  Barcode: 039787
ห้องสมุดวิทยาเขตนครสวรรค์
►นวนิยาย:l:Fiction
บนชั้น

รายการใกล้เคียง
    ผู้แต่ง [นันทพร ศานติเกษม]

    หัวเรื่อง [นวนิยายไทย]

BibComment


ยังไม่เคยถูกคอมเมนท์

คอมเมนท์ทรัพยากรรายการนี้
  คอมเมนท์: ใต้เงาตะวัน ปิย..


 Copyright 2026. Bcnsprnw @Library